| 000 | 00434nam a2200157Ia 4500 | ||
|---|---|---|---|
| 001 | 65216 | ||
| 008 | 220305n1975 ii |||gr||||Z||||||465 | ||
| 082 | _a150 | ||
| 100 |
_aHillgard,E.R. , _eAuthor. |
||
| 245 | 0 |
_aIntroduction to Psychology _cE.R. Hillgard _hTextual Documents |
|
| 250 | _a6th. | ||
| 260 |
_aNew Delhi _bOxford & IBH Publishing Co.Pvt. Ltd. _c1975 |
||
| 300 |
_a658p.: _c24cm. |
||
| 653 | _aPsychology | ||
| 942 |
_2ddc _cBK |
||
| 999 |
_c66316 _d66316 |
||